000 00350nam a2200133Ia 4500
008 240624s9999 xx 000 0 und d
041 _aeng
082 _a657.3 PET
100 _aPETERSON PAMELA P
245 _aANALYSIS OF FINANCIAL STATEMENTS
260 _c1999
_aPennsylvania
_bJohn Wiley and Sons
300 _a280 : p. : cm. ; 24
365 _c
_b30
999 _c10633
_d10633